[Event "6th Amplico AIG Life"]
[Site "Warsaw POL"]
[Date "2006.12.16"]
[Round "8"]
[White "Bucinskas,V"]
[Black "Krasenkow,M"]
[Result "0-1"]
[WhiteElo "2336"]
[BlackElo "2647"]

1.e4 c5 2.Nf3 Nc6 3.d4 cxd4 4.Nxd4 Nf6 5.Nc3 e5 6.Ndb5 d6 7.Bg5 a6 8.Na3 b5
9.Bxf6 gxf6 10.Nd5 f5 11.exf5 Bxf5 12.c3 Bg7 13.Nc2 Be6 14.Nce3 Ne7 15.g3 Nxd5
16.Nxd5 O-O 17.Bg2 f5 18.O-O a5 19.a4 b4 20.cxb4 axb4 21.Rc1 e4 22.b3 Rf7
23.Qd2 Qa5 24.Rfd1 Rb8 25.Bf1 Kh8 26.Rc6 Be5 27.Bc4 f4 28.Qe2 e3 29.Nxf4 Bxf4
30.Bxe6 Rg7 31.fxe3 Qe5 32.Bd5 Bxg3 33.hxg3 Rxg3+ 34.Bg2 Rbg8 35.Rcxd6 Rxg2+
36.Qxg2 Qxe3+ 37.Kh1 Rxg2 38.Kxg2 Qxb3 39.a5 Qa2+ 40.Kf3 Qxa5 41.Ke4 Qb5
42.R1d5 Qc4+ 43.Kf5 Qf1+ 44.Kg5 Qg2+ 45.Kf5 Qh3+ 46.Kf6 Qh4+ 47.Kf5 Qh5+
48.Kf6 Qg6+ 49.Ke7 Qe4+ 50.Kf7 Qf3+ 51.Ke7 b3 52.Rb6 Qxd5 53.Rd6  0-1

[Event "6th Amplico AIG Life"]
[Site "Warsaw POL"]
[Date "2006.12.17"]
[Round "9"]
[White "Krasenkow,M"]
[Black "Kislinsky,A"]
[Result "1-0"]
[WhiteElo "2647"]
[BlackElo "2495"]

1.c4 d6 2.d4 Nf6 3.Nc3 Bf5 4.g3 e5 5.d5 h5 6.Bg5 Be7 7.Bxf6 Bxf6 8.e4 Bd7
9.h4 a5 10.Bh3 Na6 11.Bxd7+ Qxd7 12.Nf3 Nc5 13.Kf1 g6 14.Ne1 O-O 15.Nd3 Nxd3
16.Qxd3 Rae8 17.f3 Bd8 18.Ke2 f5 19.Rhg1 Rf6 20.Raf1 c6 21.dxc6 bxc6 22.c5 Qf7
23.b3 dxc5 24.Na4 Be7 25.Nb2 Kg7 26.Qc4 Qf8 27.Rd1 Rd8 28.Rxd8 Qxd8 29.Rd1 Rd6
30.Rxd6 Qxd6 31.Nd3 Kf6 32.Qa6 Qc7 33.Nb2 f4 34.gxf4 exf4 35.Nc4 Ke6 36.Nxa5 Kd7
37.Qd3+ Kc8 38.Nc4 Bxh4 39.e5 Qg7 40.Qd6 Bd8 41.Qxc6+ Kb8 42.Kf1 Qb7 43.Qd6+ Bc7
44.Qf8+ Qc8 45.Qxc5 h4 46.Nd6 Qh3+ 47.Ke1 Qh1+ 48.Kd2 Qg2+ 49.Ke1 Qxf3 50.Qb5+ Ka7
51.Qa4+ Kb8 52.Qb4+ Ka7 53.Nb5+ Ka6 54.Nxc7+  1-0

[Event "6th Amplico AIG Life"]
[Site "Warsaw POL"]
[Date "2006.12.17"]
[Round "10"]
[White "Tomczak,J"]
[Black "Krasenkow,M"]
[Result "1-0"]
[WhiteElo "2420"]
[BlackElo "2647"]

1.e4 e5 2.Nf3 Nc6 3.d4 exd4 4.Nxd4 Qf6 5.c3 Bc5 6.Be3 Qg6 7.Qf3 Nxd4 8.cxd4 Bb4+
9.Nc3 d5 10.exd5 Bg4 11.Qg3 Bd6 12.Bf4 O-O-O 13.Bxd6 cxd6 14.Bd3 Bf5 15.Bxf5+ Qxf5
16.O-O Nf6 17.Nb5 Qd7 18.Nxa7+ Kb8 19.Qa3 Nxd5 20.Qa5 Nc7 21.a4 Na6 22.Nb5 Rc8
23.Qb6 Rc2 24.Qa7+ Kc8 25.Qa8+ Nb8 26.Rac1  1-0

[Event "6th Amplico AIG Life"]
[Site "Warsaw POL"]
[Date "2006.12.17"]
[Round "13"]
[White "Dziuba,M"]
[Black "Krasenkow,M"]
[Result "0-1"]
[WhiteElo "2535"]
[BlackElo "2647"]

1.d4 Nf6 2.Nf3 g6 3.c4 Bg7 4.Nc3 d5 5.cxd5 Nxd5 6.e4 Nxc3 7.bxc3 c5 8.Be3 Qa5
9.Qd2 Nc6 10.Rb1 a6 11.Rc1 cxd4 12.cxd4 Qxd2+ 13.Kxd2 f5 14.d5 Nb4 15.Bc4 fxe4
16.Ng5 b5 17.Bb3 h6 18.Nxe4 Bf5 19.Ng3 Nxd5 20.Nxf5 gxf5 21.Bxd5 Rd8 22.Rc5 e6
23.Ke2 exd5 24.Kd3 d4 25.Bd2 O-O 26.Rhc1 Rf6 27.Rc7 f4 28.Ra7 f3 29.Rg1 Rg6
30.g4 Rc6 31.g5 h5 32.Ke4 Rc2 33.Kd3 Rxa2 34.Re1 Ra3+ 35.Kc2 d3+  0-1

[Event "Bundesliga 2006-7"]
[Site "Muelheim Nord GER"]
[Date "2007.02.24"]
[Round "10"]
[White "Krasenkow,M"]
[Black "Schebler,G"]
[Result "1-0"]
[WhiteElo "2651"]
[BlackElo "2534"]

1.d4 Nf6 2.c4 e6 3.Nf3 c5 4.d5 b5 5.dxe6 fxe6 6.cxb5 d5 7.e3 Nbd7 8.Nbd2 Bd6
9.Be2 O-O 10.O-O Bb7 11.b3 Qe7 12.Bb2 Rad8 13.Qc2 Kh8 14.Rae1 Ne4 15.Nxe4 dxe4
16.Nd2 Rf5 17.g3 Be5 18.Bxe5 Rxe5 19.Nc4 Rf5 20.Na5 Ne5 21.Nxb7 Qxb7 22.Rd1 Rdf8
23.Rd6 Qe7 24.Rd2 Qb7 25.Rfd1 Qa8 26.a4 Rxf2 27.Qxc5 R2f5 28.Qe7 Nd3 29.Qxe6 R5f6
30.Qd7 R8f7 31.Qd4 Qe8 32.Bxd3 exd3 33.Rxd3 Rf8 34.Qc5 h6 35.Rd7 Qe4 36.Qe7 Qg4
37.a5 R6f7 38.Qd6 Rf6 39.Qd3 Qh3 40.Rd8 Rxd8  1-0

[Event "Bundesliga 2006-7"]
[Site "Bindlach GER"]
[Date "2007.03.18"]
[Round "13"]
[White "Kraemer,Mart"]
[Black "Krasenkow,M"]
[Result "1/2-1/2"]
[WhiteElo "2433"]
[BlackElo "2651"]

1.d4 d5 2.c4 e6 3.Nc3 c6 4.e3 Bd6 5.Qc2 f5 6.Bd3 Nf6 7.f3 O-O 8.Nge2 dxc4
9.Bxc4 b5 10.Bd3 Na6 11.a3 Qa5 12.Ra2 b4 13.axb4 Qb6 14.Na4 Qb8 15.Bxa6 Bxa6
16.Nc5 Qxb4+ 17.Bd2 Qc4 18.Qxc4 Bxc4 19.Ra4 Bb5 20.Ra1 e5 21.Nc3 Rfb8 22.Kd1 exd4
23.exd4 Bxc5 24.dxc5 Bc4 25.Kc1 Nd7 26.Bf4 Re8 27.Ra5 Ne5 28.Bxe5 Rxe5 29.Kc2 Rb8
30.Rxa7 Rxc5 31.Re1 f4 32.h4 Bb3+ 33.Kc1 Rh5 34.Ree7 Rxh4 35.Rxg7+ Kh8 36.Rad7 Rh1+
37.Kd2 Be6 38.Rb7 Rxb7 39.Rxb7 Rh2 40.Ne2 Rxg2 41.Ke1 Bc4 42.Nxf4 Rh2 43.b3 Bb5
44.Re7 h5 45.Re5 h4 46.Rg5 Kh7 47.Rg4 Ba6 48.Nh5 h3  1/2-1/2

[Event "II Rapid"]
[Site "Canada de Calatrava ESP"]
[Date "2007.04.07"]
[Round "4"]
[White "Krasenkow,M"]
[Black "Djuric,S"]
[Result "1-0"]
[WhiteElo "2651"]
[BlackElo "2464"]

1.Nf3 c5 2.c4 Nc6 3.d4 cxd4 4.Nxd4 Nf6 5.Nc3 e6 6.a3 Nxd4 7.Qxd4 b6 8.Qf4 Bb7
9.e4 d6 10.Bd3 Be7 11.Qg3 O-O 12.Bh6 Ne8 13.O-O Bh4 14.Qg4 Bf6 15.Rac1 Bd4
16.Bg5 Bf6 17.Be3 g6 18.f4 Qe7 19.Rfe1 Bh4 20.Re2 Bf6 21.b4 Bg7 22.Qg3 Nf6
23.Qh4 Qc7 24.Bd4 e5 25.fxe5 dxe5 26.Be3 Qd7 27.Rd2 Qg4 28.Qe1 Rad8 29.h3 Qe6
30.Qh4 Rxd3 31.Rxd3 Qxc4 32.Rdd1 Qb3 33.Bg5 Nh5 34.Be7 Re8 35.Nd5 Nf4 36.Nxf4 exf4
37.Qxf4 Qe6 38.Bd6 Bxe4 39.Qe3 Bb2 40.Rc7 Rd8 41.Qf4 Bf5 42.Re7 Qf6 43.Ree1 Rc8
44.Be5 Bxe5 45.Qxe5 Qxe5 46.Rxe5 Rc3 47.a4 Be6 48.a5 bxa5 49.bxa5 Kg7 50.Rd6 Kf6
51.Rb5 Ke7 52.Rd2 Rc7 53.Rdb2 Bc8 54.Rb8 h5 55.Re2+ Kd6 56.Rd2+ Ke7 57.Rbb2 Rc5
58.Rbc2 Rxc2 59.Rxc2 Kd8 60.Kf2 Kd7 61.h4 Kd8 62.Ke3 Bd7 63.Kd4 Bf5 64.Rc3 Bc8
65.Ke5 Bb7 66.g3 Kd7 67.Kf6 Bd5 68.Rd3 Kc6 69.Rxd5 Kxd5 70.Kxf7 Kc5 71.Kxg6 Kb5
72.Kxh5 Kxa5 73.Kg5 Kb4 74.h5 a5 75.h6  1-0

[Event "GM"]
[Site "Ostrava CZE"]
[Date "2007.04.28"]
[Round "1"]
[White "Krasenkow,M"]
[Black "Hracek,Z"]
[Result "1/2-1/2"]
[WhiteElo "2661"]
[BlackElo "2613"]

1.d4 Nf6 2.c4 e6 3.Nf3 Bb4+ 4.Nbd2 b6 5.a3 Bxd2+ 6.Bxd2 Bb7 7.Bg5 h6 8.Bh4 d6
9.e3 Nbd7 10.Qc2 Qe7 11.Rd1 a5 12.b3 c5 13.d5 a4 14.dxe6 Qxe6 15.Bd3 axb3
16.Qxb3 O-O 17.Bg3 Ne5 18.Be2 Bxf3 19.Bxf3 Nxf3+ 20.gxf3 Rfd8 21.O-O d5 22.cxd5 Rxd5
23.Rb1 Nd7 24.Kg2 Rd2 25.Qxe6 fxe6 26.Bc7 Rxa3 27.Rfd1 Raa2 28.Rxd2 Rxd2
29.Bxb6 Nxb6 30.Rxb6 Kf7 31.Rc6 Rc2 32.Rc7+ Kf6 33.h4 Rc4 34.h5 Rh4 35.Rxc5 e5
36.f4 Rxh5 37.e4 Rh4 38.fxe5+ Ke6 39.f3 g5 40.Ra5 Rh5 41.Ra6+ Kxe5 42.Ra5+ Kf6
43.f4 Rh4 44.e5+ Kf5 45.fxg5  1/2-1/2

[Event "GM"]
[Site "Ostrava CZE"]
[Date "2007.05.02"]
[Round "4"]
[White "Laznicka,V"]
[Black "Krasenkow,M"]
[Result "0-1"]
[WhiteElo "2608"]
[BlackElo "2661"]

1.d4 Nf6 2.c4 g6 3.f3 d5 4.cxd5 Nxd5 5.e4 Nb6 6.Nc3 Bg7 7.Be3 O-O 8.Qd2 Nc6
9.O-O-O f5 10.h4 fxe4 11.h5 gxh5 12.Rxh5 Bf5 13.Rg5 Bg6 14.Be2 e5 15.d5 Nd4
16.fxe4 c6 17.dxc6 Nxc6 18.Qe1 Qf6 19.Qg3 Rad8 20.Nf3 Nd4 21.Bd3 Nxf3 22.gxf3 Rc8
23.Kb1 Qxf3 24.Qg1 Rc6 25.Rf1 Qh3 26.Rff5 Bh6 27.Bf1 Qh4 28.Bf2 Qxg5 29.Rxg5 Bxg5
30.Bb5 Rxf2 31.Qxf2 Rc7 32.a4 Nd5 33.Qxa7 Nxc3+ 34.bxc3 Bxe4+ 35.Kb2 Re7
36.a5 Bg6 37.c4 Bf6 38.c5 e4+ 39.Ka3 e3 40.Be2 Kg7 41.c6 bxc6 42.Qb6 Rd7
43.a6 Be7+ 44.Kb3 Bf7+ 45.Kc3 Bf6+ 46.Kb4 Rd4+ 47.Kc5 Rd2 48.Qc7 Bd4+ 49.Kb4 Rxe2
50.Qg3+ Kh8 51.a7 Rb2+ 52.Ka3 Ra2+ 53.Kb4 e2 54.Qh4 c5+ 55.Kb5 Rxa7 56.Kb6 Ra1
57.Qd8+ Bg8  0-1

[Event "GM"]
[Site "Ostrava CZE"]
[Date "2007.05.03"]
[Round "5"]
[White "Krasenkow,M"]
[Black "Movsesian,S"]
[Result "1/2-1/2"]
[WhiteElo "2661"]
[BlackElo "2642"]

1.d4 Nf6 2.c4 c6 3.Nc3 d5 4.Nf3 a6 5.c5 Nbd7 6.Bf4 Nh5 7.Qd2 b6 8.e4 Nxf4
9.Qxf4 e6 10.exd5 exd5 11.b4 Be7 12.Bd3 O-O 13.O-O a5 14.a3 g6 15.h4 Bb7
16.h5 Bf6 17.cxb6 axb4 18.axb4 Nxb6 19.Rxa8 Nxa8 20.Na4 Nc7 21.Nc5 Bc8 22.Ra1 g5
23.Qd2 Bg4 24.Ne5 Bxe5 25.dxe5 Bxh5 26.Ra7 Bg6 27.Bxg6 hxg6 28.Qe3 Re8 29.Qg3 Nb5
30.Rd7 Qa8 31.e6 Qa1+ 32.Kh2 Qh8+ 33.Kg1 Qa1+ 34.Kh2 Qh8+ 35.Kg1  1/2-1/2

[Event "16th Monarch Assurance"]
[Site "Port Erin IOM"]
[Date "2007.09.30"]
[Round "9"]
[White "Palliser,R"]
[Black "Krasenkow,M"]
[Result "0-1"]
[WhiteElo "2417"]
[BlackElo "2660"]

1.d4 g6 2.e4 Bg7 3.Nc3 c6 4.Nf3 d6 5.Be3 Nf6 6.Qd2 Bg4 7.Be2 O-O 8.h3 Bxf3
9.Bxf3 Nbd7 10.O-O Qc7 11.a4 a5 12.g3 e5 13.Bg2 Rad8 14.Rad1 Rfe8 15.f4 exd4
16.Bxd4 Nc5 17.Qf2 Nfd7 18.Bxg7 Kxg7 19.g4 f6 20.h4 h6 21.g5 hxg5 22.hxg5 fxg5
23.Qd4+ Kg8 24.Qc4+ Ne6 25.Bh3 Nc5 26.fxg5 Qh7 27.Bxe6+ Nxe6 28.Rd2 Qh4 29.Rh2 Qxg5+
30.Kh1 Kg7 31.Qb3 b5 32.Ne2 Rh8 33.Rf2 Qe5 34.Qe3 Qc5 35.Qg3 Qxc2 36.Qg4 Nc5  0-1

[Event "Mayors Cup Open"]
[Site "Mumbai IND"]
[Date "2008.05.11"]
[Round "1"]
[White "Krasenkow,M"]
[Black "Milind,G"]
[Result "1-0"]
[WhiteElo "2624"]
[BlackElo "1850"]

1.Nf3 Nf6 2.c4 g6 3.Nc3 Bg7 4.e4 d6 5.d4 O-O 6.h3 c5 7.d5 Na6 8.Bd3 Bd7 9.Bg5 Nb4
10.Bb1 a5 11.a3 Na6 12.O-O Rb8 13.e5 dxe5 14.Nxe5 Nh5 15.d6 f6 16.dxe7 Qxe7
17.Nxd7 Rbd8 18.Be3 Rxd7 19.Nd5 Qe5 20.g4 Kh8 21.gxh5 f5 22.h6 Bf6 23.Bf4 Qe6
24.Re1 Qc6 25.Qe2 Rdf7 26.Kg2 Bc3  1-0

[Event "Mayors Cup Open"]
[Site "Mumbai IND"]
[Date "2008.05.12"]
[Round "2"]
[White "Negi,V"]
[Black "Krasenkow,M"]
[Result "1/2-1/2"]
[WhiteElo "2140"]
[BlackElo "2624"]

1.e4 g6 2.d4 Bg7 3.Nc3 c6 4.Nf3 d6 5.Be3 Nf6 6.h3 O-O 7.Qd2 b5 8.Bd3 Nbd7
9.O-O Bb7 10.Bh6 e5 11.dxe5 dxe5 12.Ne2 c5 13.Bxg7 Kxg7 14.Bxb5 Bxe4 15.Qe3 Rb8
16.a4 a6 17.Bxd7 Bxf3 18.Qxf3 Qxd7 19.Qc3 Qc6 20.b3 Rfe8 21.Rad1 c4 22.Ng3 Re6
23.Rfe1 Nd5 24.Qxc4 Qxc4 25.bxc4 Nb6 26.c5 Nxa4 27.Rd5 Rb5 28.Ne4 Rb4 29.Ng5 Re7
30.Rexe5 Rxe5 31.Rxe5 Kf6 32.Nf3 Rc4 33.Re2 Rxc5 34.Re4 Nc3 35.Rb4 a5 36.Rb6+ Kg7
37.Ra6 a4 38.h4 h6 39.Ra7 Rd5  1/2-1/2

[Event "Mayors Cup Open"]
[Site "Mumbai IND"]
[Date "2008.05.13"]
[Round "4"]
[White "Koshy,V"]
[Black "Krasenkow,M"]
[Result "0-1"]
[WhiteElo "2270"]
[BlackElo "2624"]

1.c4 e5 2.g3 c6 3.d4 e4 4.f3 Nf6 5.Nc3 exf3 6.Nxf3 d5 7.Qb3 dxc4 8.Qxc4 Bf5
9.Bg2 Be7 10.O-O Nbd7 11.e4 Bxe4 12.Nxe4 Nxe4 13.Ne5 Nxe5 14.dxe5 Qb6+ 15.Kh1 Nf2+
16.Rxf2 Qxf2 17.Bxc6+ Kf8 18.Bd5 Qe1+ 19.Kg2 Qxe5 20.Rb1 Re8 21.Bxb7 g5 22.b4 h5
23.Qc2 Rh6 24.Bf3 h4  0-1

[Event "Mayors Cup Open"]
[Site "Mumbai IND"]
[Date "2008.05.16"]
[Round "8"]
[White "Krasenkow,M"]
[Black "Koneru,H"]
[Result "1-0"]
[WhiteElo "2624"]
[BlackElo "2603"]

1.Nf3 d5 2.d4 Nf6 3.c4 e6 4.Nc3 Bb4 5.Qa4+ Nc6 6.e3 O-O 7.Qc2 a6 8.a3 Be7
9.b4 dxc4 10.Bxc4 Bd6 11.Bb2 e5 12.dxe5 Nxe5 13.Nxe5 Bxe5 14.f4 Bd6 15.O-O Re8
16.e4 Ng4 17.Qe2 b5 18.Bb3 c5 19.h3 cxb4 20.axb4 Bxb4 21.hxg4 Bc5+ 22.Rf2 Qh4
23.f5 Bb7 24.Rf1 h5 25.gxh5 Bxe4 26.Nxe4 Rxe4 27.Qf3 Rae8 28.f6 Bxf2+ 29.Qxf2 Qxf2+
30.Rxf2 Re1+ 31.Rf1 R8e4 32.Bd5 R4e2 33.Bc3 Rxf1+ 34.Kxf1 Rc2 35.Bb4 Rb2
36.Be7 b4 37.fxg7 Kxg7 38.Bg5 f6 39.h6+ Kg6 40.Be4+ f5 41.Bd3 Ra2 42.Bf4 Ra3
43.Ke2 Ra2+ 44.Bd2 Ra5 45.g4 Re5+ 46.Kf3 b3 47.gxf5+ Kf7 48.h7  1-0

[Event "Mayors Cup Open"]
[Site "Mumbai IND"]
[Date "2008.05.17"]
[Round "9"]
[White "Kunte,A"]
[Black "Krasenkow,M"]
[Result "1/2-1/2"]
[WhiteElo "2547"]
[BlackElo "2624"]

1.d4 d5 2.Nf3 Nf6 3.c4 e6 4.g3 dxc4 5.Bg2 Nc6 6.Qa4 Bb4+ 7.Bd2 Bd6 8.Qxc4 O-O
9.O-O e5 10.dxe5 Nxe5 11.Nxe5 Bxe5 12.Bc3 Bxc3 13.Nxc3  1/2-1/2

[Event "Mayors Cup Open"]
[Site "Mumbai IND"]
[Date "2008.05.19"]
[Round "11"]
[White "Filippov,An UZB"]
[Black "Krasenkow,M"]
[Result "1-0"]
[WhiteElo "2509"]
[BlackElo "2624"]

1.e4 c5 2.Nf3 e6 3.d4 cxd4 4.Nxd4 Nf6 5.Nc3 Nc6 6.Ndb5 d6 7.Bf4 e5 8.Bg5 a6
9.Na3 b5 10.Nd5 Be7 11.Bxf6 Bxf6 12.c4 b4 13.Nc2 a5 14.Qf3 Be7 15.Rd1 O-O
16.c5 dxc5 17.Nf6+ Bxf6 18.Rxd8 Rxd8 19.Bc4 Nd4 20.Nxd4 Rxd4 21.Bd5 Rb8 22.O-O c4
23.Rd1 c3 24.Rb1 cxb2 25.Qb3 Kf8 26.f3 Bd7 27.Qxb2 a4 28.Rc1 Bg5 29.Rc2 b3
30.axb3 axb3 31.Re2 Be6 32.Bxe6 fxe6 33.Kf2 Be7 34.Kg3 Rdd8 35.Kg4 Bc5 36.Qxe5 Bd4
37.Qf4+ Kg8 38.Re1 b2 39.Rb1 e5 40.Qd2 Rd7 41.Qc2 Ra7 42.h4 Ra1 43.Qc7 Rf8
44.Qc4+ Kh8 45.Qb4 Rf4+ 46.Kg3 Ra8 47.Rxb2 Bxb2 48.Qxb2 Re8 49.Qb5 Rff8 50.Qd7 h6
51.Kg4 Ra8 52.Qb5 Rae8 53.Qd7 Ra8 54.Qd5 Rae8 55.g3 h5+ 56.Kxh5 Rxf3 57.g4 Kh7
58.Qc6 Rff8 59.g5 Re7 60.Qd6 Rfe8 61.g6+ Kg8 62.Kg5 Ra7 63.Qd5+ Kf8 64.Qc5+ Rae7
65.Qf2+ Kg8 66.Qf3 Ra7 67.Qh5 Ra1 68.Qh7+ Kf8 69.Qh8+ Ke7 70.Qxg7+ Kd8 71.Qf6+ Kd7
72.Qf7+ Re7 73.Qd5+ Ke8 74.h5 Rg1+ 75.Kh6 Rg3 76.Qc6+ Kd8 77.Qf6 Kd7 78.Qf2 Ra3
79.g7  1-0

[Event "Politiken Cup"]
[Site "Helsingor DEN"]
[Date "2008.07.19"]
[Round "1"]
[White "Knudsen,JesW"]
[Black "Krasenkow,M"]
[Result "0-1"]
[WhiteElo "2003"]
[BlackElo "2639"]

1.e4 Nf6 2.e5 Nd5 3.c4 Nb6 4.c5 Nd5 5.Bc4 e6 6.Nc3 Nxc3 7.dxc3 Nc6 8.Bf4 Bxc5
9.Qg4 g5 10.Qxg5 Qxg5 11.Bxg5 Nxe5 12.Bf6 Bxf2+ 13.Ke2 Nxc4 14.Bxh8 Bxg1
15.Rhxg1 Nxb2 16.Raf1 b6 17.Rf4 Ba6+ 18.Kd2 O-O-O 19.Bg7 Nc4+ 20.Kc1 Nd6
21.Be5 Nf5 22.Ra4 Kb7 23.Bxc7 Rc8 24.Be5 Bc4 25.g4 Ne7 26.Rg3 b5 27.Ra3 Rg8
28.Bd6 Nc6 29.Rf3 e5 30.h3 Rg6 31.Bc5 a5 32.Rb3 Bxb3 33.axb3 f6 34.Be3 Ne7
35.c4 Kc6 36.Bd2 b4 37.g5 fxg5 38.Rf7 Kd6 39.Rxh7 Nf5 40.Rh5 Nd4 41.Rxg5 Rf6
42.Rg3  0-1

[Event "Politiken Cup"]
[Site "Helsingor DEN"]
[Date "2008.07.24"]
[Round "7"]
[White "Antonsen,M"]
[Black "Krasenkow,M"]
[Result "0-1"]
[WhiteElo "2455"]
[BlackElo "2639"]

1.d4 d6 2.e4 Nf6 3.f3 d5 4.e5 Nfd7 5.c4 dxc4 6.Bxc4 Nb6 7.Bb3 e6 8.Nc3 c5
9.dxc5 Qxd1+ 10.Kxd1 Bxc5 11.Ne4 Be7 12.f4 Nc6 13.Nf3 Na5 14.Bc2 Bd7 15.Bd3 O-O-O
16.Ke2 Bc6 17.Nfg5 Bxg5 18.fxg5 Nac4 19.Bf4 Rd4 20.Rac1 Bxe4 21.Bxc4 Nxc4
22.b3 Bxg2 23.Rhg1 Re4+ 24.Kf2 Rxf4+ 25.Kxg2 Rd8 26.Rxc4+ Rxc4 27.bxc4 Rd4
28.Rf1 Rxc4 29.Rxf7 Rg4+ 30.Kf3 Rxg5 31.Ke4 Rg2 32.h3 Rxa2 33.Rxg7 Ra4+ 34.Kf3 b5
35.Rxh7 b4  0-1

[Event "TCh-ESP Hon Gp2"]
[Site "Sabadell ESP"]
[Date "2008.09.04"]
[Round "2"]
[White "Krasenkow,M"]
[Black "Rodriguez Vila,A"]
[Result "1-0"]
[WhiteElo "2639"]
[BlackElo "2531"]

1.d4 d6 2.Nf3 f5 3.c4 Nf6 4.Nc3 g6 5.Bg5 Bg7 6.e3 O-O 7.Qb3 Nc6 8.Rd1 Bd7
9.c5+ Kh8 10.d5 Ne5 11.Nxe5 dxe5 12.Qxb7 h6 13.Bxf6 Rxf6 14.c6 Be8 15.Nb5 a6
16.Nxc7 Rb8 17.Qa7 Rd6 18.Be2 Rxb2 19.Nxe8 Qxe8 20.Qxa6 e4 21.O-O Be5 22.Qc4 Qb8
23.g3 Rd8 24.Rc1 Qc7 25.Rb1 Rdb8 26.Rxb2 Rxb2 27.Bd1 h5 28.Bb3 Kg7 29.Rc1 Kh6
30.d6 exd6 31.Qf7 d5 32.Bxd5 h4 33.Qxc7 Bxc7 34.gxh4 Kh5 35.Bf7 Rd2 36.Rc5 Kg4
37.Bxg6 f4 38.exf4 Kxf4 39.Rf5+ Kg4 40.Kg2 Bxh2 41.Kxh2  1-0

[Event "TCh-ESP Hon Gp2"]
[Site "Sabadell ESP"]
[Date "2008.09.05"]
[Round "3"]
[White "Mamedov,Nid"]
[Black "Krasenkow,M"]
[Result "1/2-1/2"]
[WhiteElo "2564"]
[BlackElo "2639"]

1.e4 c5 2.Nf3 Nc6 3.d4 cxd4 4.Nxd4 Nf6 5.Nc3 e5 6.Ndb5 d6 7.Bg5 a6 8.Na3 b5
9.Nd5 Be7 10.Bxf6 Bxf6 11.c4 b4 12.Nc2 a5 13.Be2 O-O 14.O-O Bg5 15.Qd3 Bb7
16.Rad1 Nb8 17.a3 bxa3 18.Nxa3 Na6 19.Nb5 Nc5 20.Qc2 Ra6 21.Bf3  1/2-1/2

[Event "DMP Ekstraliga"]
[Site "Karpacz POL"]
[Date "2008.09.10"]
[Round "5"]
[White "Krasenkow,M"]
[Black "Koziak,V"]
[Result "1/2-1/2"]
[WhiteElo "2639"]
[BlackElo "2489"]

1.d4 d5 2.c4 c6 3.Nc3 Nf6 4.e3 g6 5.Nf3 Bg7 6.Be2 O-O 7.O-O b6 8.cxd5 cxd5
9.b3 Bb7 10.Ba3 Nbd7 11.Rc1 Ne4 12.Nxe4 dxe4 13.Nd2 Nf6 14.Bb5 Nd5 15.Nxe4 Nxe3
16.fxe3 Bxe4 17.Qg4 f5 18.Qg3 a6 19.Bc4+ Kh8 20.Be6 Bd5 21.Bxd5 Qxd5 22.Bxe7 Rfc8
23.h4 a5 24.Bg5 a4 25.Qf3 Qd7 26.h5 h6 27.Bf4 g5 28.Be5 axb3 29.axb3 Bxe5
30.dxe5 Rxc1 31.Rxc1 Re8 32.Rc6 Re6 33.Rxe6 Qxe6 34.Qa8+ Kg7 35.Qb7+ Kf8
36.Qb8+ Ke7 37.Kh2 Qc6 38.Qh8 Qe6 39.Qg7+ Kd8 40.b4 Kc8 41.b5 Qe8 42.Kg1 Qe6
43.Qf8+ Kc7 44.Qa8 Qd7 45.Qa7+ Kc8 46.Qa4 Kd8 47.Qd4 Ke7 48.Kf2 Qe6 49.Kg3 Ke8
50.Kf3 Qb3 51.Qd6 Qxb5 52.Qe6+ Kd8 53.Kg3 Qc5 54.Qf6+ Kc7 55.Qf7+ Kd8 56.Qf6+ Kc7
57.Kh2 Qxe3 58.Qd6+ Kc8 59.Qc6+  1/2-1/2

[Event "DMP Ekstraliga"]
[Site "Karpacz POL"]
[Date "2008.09.11"]
[Round "6"]
[White "Krasenkow,M"]
[Black "Navara,D"]
[Result "0-1"]
[WhiteElo "2639"]
[BlackElo "2646"]

1.d4 Nf6 2.c4 c6 3.Nc3 d5 4.e3 a6 5.Nf3 Bf5 6.Bd3 Bxd3 7.Qxd3 e6 8.O-O Be7
9.e4 dxe4 10.Nxe4 O-O 11.Bf4 Nxe4 12.Qxe4 Nd7 13.Rad1 Qa5 14.Qc2 Rfd8 15.Rfe1 Bf6
16.b4 Qh5 17.Bd6 Nf8 18.c5 Ng6 19.Re3 Be7 20.Bxe7 Nxe7 21.Re4 Rd5 22.Qd2 Rad8
23.Rde1 Nf5 24.Qf4 Qh6 25.Qc7 R5d7 26.Qb6 Qf6 27.h3 Qe7 28.Rd1 h6 29.a4 Rd5
30.g4 Nh4 31.Nxh4 Qxh4 32.Qxb7 Qxh3 33.Qxa6 f5 34.Rd3 Qh4 35.Rxe6 Rxd4 36.Ree3 Kh7
37.gxf5 Rf4 38.Rg3 Rxb4 39.Rh3 Rb1+ 40.Kg2 Qe4+ 41.Rhf3 Qe2 42.Qc4 Qf1+ 43.Kg3 Qh1
44.Kg4 Re8 45.Rf4 Rg1+ 46.Rg3 h5+ 47.Kg5 Re3 48.Rfg4 hxg4 49.Rxg1 Qh6+ 50.Kxg4 Rh3  0-1

[Event "DMP Ekstraliga"]
[Site "Karpacz POL"]
[Date "2008.09.14"]
[Round "9"]
[White "Tazbir,M"]
[Black "Krasenkow,M"]
[Result "1/2-1/2"]
[WhiteElo "2444"]
[BlackElo "2639"]

1.Nf3 g6 2.c4 Bg7 3.Nc3 e5 4.d4 exd4 5.Nxd4 Nc6 6.Nxc6 bxc6 7.Bd2 d6 8.g3 Rb8
9.b3 Nf6 10.Bg2 Bd7 11.O-O O-O 12.Rc1 Qc8 13.Re1 c5 14.Bg5 h6 15.Bxf6 Bxf6
16.Nd5 Bd8 17.Qd2 Kh7 18.e4 c6 19.Nc3 Bc7 20.Red1 Bh3 21.Bh1 Qe8 22.Re1 Rd8
23.Bg2 Bxg2 24.Kxg2 Rd7 25.h4 h5 26.Re3 Re7 27.Qd3 Qc8 28.Rf3 Re5 29.Rd1 Kg7
30.Re3 Rfe8 31.Ne2 Qe6 32.Nf4 Qf6 33.Nh3 Qd8 34.Ng5 f6 35.Nh3 Qc8 36.Rde1 Kf7
37.R1e2 Qg4 38.f4 R5e7 39.Nf2 Qc8 40.Rf3 Kg7 41.Rc2 Qe6 42.Qc3 Rd7 43.f5 Qe5
44.Qd2 Qd4 45.Rd3 Qe5 46.fxg6 Kxg6 47.Rf3 Qd4 48.Qf4 Qe5 49.Qc1 Rh7 50.Rf5 Qe7
51.Rc3 Rh6 52.Rcf3 Bd8 53.g4 hxg4 54.Nxg4 Rxh4 55.Nxf6 Qxf6 56.Rg3+ Kf7 57.Qg5 Reh8
58.Qg6+ Ke6 59.Rxf6+ Bxf6 60.Rf3 Rh2+ 61.Kf1 Rh1+ 62.Ke2 R8h2+ 63.Rf2 Rxf2+
64.Kxf2 Rh2+ 65.Kg3 Rxa2 66.Qe8+ Be7 67.Qc8+ Kf7 68.Qxc6 a5 69.Qd5+ Ke8 70.e5 dxe5
71.Qxe5 Kd7 72.Qd5+ Bd6+ 73.Kf3 Kc7 74.Qa8 Ra3 75.Ke4 Rxb3 76.Qxa5+ Kb7 77.Qd2 Rb6
78.Qd5+ Kc7 79.Qf7+ Kc6 80.Qe8+ Kc7 81.Kd5 Ra6 82.Qf7+ Kc8 83.Qg8+ Kd7 84.Qg4+ Kc7
85.Qg7+ Kc8 86.Qh8+ Kd7 87.Qb2 Kc7 88.Qb5 Rb6 89.Qxb6+ Kxb6 90.Kxd6 Kb7  1/2-1/2

[Event "24th ECC"]
[Site "Kallithea GRE"]
[Date "2008.10.18"]
[Round "2"]
[White "Krasenkow,M"]
[Black "Rositsan,B"]
[Result "1-0"]
[WhiteElo "2624"]
[BlackElo "2228"]

1.Nf3 d5 2.d4 Bg4 3.Ne5 Bf5 4.c4 f6 5.Nf3 Nc6 6.cxd5 Qxd5 7.Nc3 Qa5 8.Bd2 e5
9.e4 exd4 10.Nd5 Nb4 11.Nxb4 Bxb4 12.exf5 O-O-O 13.Bd3 Re8+ 14.Kf1 Nh6 15.Bxh6 gxh6
16.g3 h5 17.Qb3 h4 18.Nxh4 Bd6 19.Kg2 Re7 20.Qb5 Qd2 21.Nf3 Qh6 22.Rhe1 c6
23.Qa4 Rg7 24.Qxa7 c5 25.Rac1 Rhg8 26.Bc4 Rd8 27.Be6+ Kc7 28.Qa5+ b6 29.Qa7+  1-0

[Event "8th Amplico AIG Life Rapid"]
[Site "Warsaw POL"]
[Date "2008.12.20"]
[Round "2"]
[White "Krasenkow,M"]
[Black "Krzywda,A"]
[Result "1-0"]
[WhiteElo "2624"]
[BlackElo "2165"]

1.d4 Nf6 2.c4 g6 3.Nc3 Bg7 4.e4 d6 5.Nf3 O-O 6.h3 c5 7.d5 b5 8.cxb5 a6 9.a4 axb5
10.Bxb5 Ba6 11.Be3 Qa5 12.O-O Nbd7 13.Nd2 Ne5 14.f4 Ned7 15.Nc4 Qc7 16.e5 Ne8
17.Qe2 dxe5 18.fxe5 Nxe5 19.Bf4 f6 20.Bxa6 Rxa6 21.Nxe5 fxe5 22.Qxa6 exf4
23.Nb5 Qb8 24.Qe6+ Kh8 25.Qxe7 Nf6 26.d6 Nd5 27.Qe4 Ne3 28.Rxf4 Re8 29.Qc6 Be5
30.Re4 Rc8 31.Qd7 Rd8 32.Qc7 Qa8 33.Rxe3  1-0

[Event "8th Amplico AIG Life Rapid"]
[Site "Warsaw POL"]
[Date "2008.12.20"]
[Round "3"]
[White "Maier,C"]
[Black "Krasenkow,M"]
[Result "0-1"]
[WhiteElo "2328"]
[BlackElo "2624"]

1.e4 Nf6 2.e5 Nd5 3.c4 Nb6 4.c5 Nd5 5.Bc4 e6 6.Nc3 Nxc3 7.dxc3 Nc6 8.Bf4 Bxc5
9.h4 d5 10.Bd3 f5 11.Qh5+ g6 12.Qe2 Bd7 13.Nf3 h6 14.Qd2 Bf8 15.g4 Qe7 16.gxf5 gxf5
17.O-O-O O-O-O 18.Kb1 Be8 19.h5 Bf7 20.Qe2 Qe8 21.Nd4 Nxd4 22.cxd4 Rg8 23.Rc1 Rg4
24.Qe3 Be7 25.Bxh6 Bxh5 26.Bf4 Rg8 27.Qd2 Kb8 28.Rc2 Bf3 29.Rhc1 Rc8 30.Qa5 c6
31.Rc3 Be4 32.Bxe4 fxe4 33.b4 a6 34.Rb3 Qd8 35.Qa3 Qb6 36.Qb2 Qb5 37.Be3 Rg2
38.Ka1 Rf8 39.Qc2 Bh4 40.Rb2 Bxf2 41.a4 Bxe3  0-1

[Event "8th Amplico AIG Life Rapid"]
[Site "Warsaw POL"]
[Date "2008.12.20"]
[Round "4"]
[White "Krasenkow,M"]
[Black "Tahirov,F"]
[Result "1-0"]
[WhiteElo "2624"]
[BlackElo "2452"]

1.Nf3 Nf6 2.c4 e6 3.Nc3 d5 4.d4 Nbd7 5.cxd5 exd5 6.Bg5 Bb4 7.Qc2 c5 8.dxc5 Qa5
9.Bd2 Nxc5 10.a3 Ne6 11.Rd1 Be7 12.e4 Qc7 13.exd5 Nxd5 14.Bb5+ Kf8 15.O-O a6
16.Bd3 Ndf4 17.Be4 Bd7 18.g3 Ng6 19.h4 Bc5 20.Kg2 Bc6 21.Nd5 Bxd5 22.Bxd5 Be7  1-0

[Event "8th Amplico AIG Life Rapid"]
[Site "Warsaw POL"]
[Date "2008.12.20"]
[Round "8"]
[White "Krasenkow,M"]
[Black "Fedorchuk,S"]
[Result "1-0"]
[WhiteElo "2624"]
[BlackElo "2603"]

1.Nf3 Nf6 2.c4 b6 3.Nc3 Bb7 4.d4 e6 5.a3 d5 6.cxd5 Nxd5 7.Qc2 Be7 8.e4 Nxc3
9.bxc3 O-O 10.Bd3 c5 11.O-O Qc7 12.Qe2 Nd7 13.e5 Rfd8 14.h4 Nf8 15.h5 h6
16.Be3 Rac8 17.Rfb1 Bd5 18.Nd2 Nh7 19.f4 f6 20.Kh2 cxd4 21.cxd4 fxe5 22.dxe5 Bc5
23.Ne4 Bxe3 24.Qxe3 Qf7 25.Ng3 Nf8 26.Rc1 Qe7 27.Kh3 Rc5 28.Rxc5 Qxc5 29.Qxc5 bxc5
30.Ba6 Rb8 31.Rc1 c4 32.Rc2 Rb3 33.Bxc4 Bxc4 34.Rxc4 Rxa3 35.Rc8 a5 36.Ra8 Kf7
37.Kg4 Ra2 38.Ra7+ Kg8 39.Kf3 Ra3+ 40.Kf2 Ra4 41.Ne2 g5 42.hxg6 Nxg6 43.g3 h5
44.Rc7 h4 45.Kf3 hxg3 46.Kxg3 Rb4 47.Rc5 a4 48.Kg4 a3 49.Kg5 Kf7 50.Rc7+ Ne7
51.Ra7 Rb3 52.Nd4 Rg3+ 53.Kh4 Rc3 54.Nb5 Rb3 55.Nxa3 Rb4 56.Kg5 Kf8 57.Ra8+ Kf7
58.Ra7 Kf8 59.Nc2 Re4 60.Kf6 Rxf4+ 61.Kxe6 Ng6 62.Ne3 Kg8 63.Nd5 Nf8+ 64.Kd6 Rf7
65.Nf6+ Kg7 66.Nd7 Kg8 67.e6 Nxe6 68.Kxe6 Rf1 69.Nf6+  1-0